Por el camino del Che: las guerrillas latinoamericanas 1959-1990
Saved in:
| Main Authors: | , |
|---|---|
| Format: | Book |
| Language: | Spanish |
| Published: |
Buenos Aires
Imago Mundi
2011
|
| Edition: | 1a. ed |
| Series: | Colección en Defensa de la Historia
|
| Subjects: | |
| Tags: |
Add Tag
No Tags, Be the first to tag this record!
|
MARC
| LEADER | 00000cam a2200000 a 4500 | ||
|---|---|---|---|
| 001 | UCE8514 | ||
| 003 | CL-VaPUC | ||
| 008 | 150806e20110000ag |||||||||||||||||spa|d | ||
| 020 | |a 9789507931345 | ||
| 082 | 0 | 4 | |a 320.980 |b POZ |2 21 |
| 100 | 0 | |a Pozzi, Pablo A |e author |9 581215 | |
| 700 | 0 | |a Pérez, Claudio |e author |9 581216 | |
| 245 | 1 | 0 | |a Por el camino del Che: las guerrillas latinoamericanas 1959-1990 |
| 250 | |a 1a. ed | ||
| 300 | |a 480 p | ||
| 942 | |c BK | ||
| 945 | |d 20150806 12:27:00 |a gsalatino | ||
| 260 | |a Buenos Aires |b Imago Mundi |c 2011 | ||
| 600 | 0 | 7 | |a CHE GUEVARA |2 CL-VaPUC |9 468187 |
| 650 | 0 | |a Historia política |9 256974 | |
| 650 | 7 | |a GUERRILLAS |2 CL-VaPUC |9 313530 | |
| 651 | 0 | |a Latinoamérica |9 316393 | |
| 583 | |a last modification |c 20150806 12:27:00 |k Rodrigo Vera | ||
| 490 | 0 | |a Colección en Defensa de la Historia | |
| 999 | |c 360352 |d 360350 | ||
| 952 | |0 0 |1 0 |3 erb |4 0 |6 320_980000000000000_POZ_2011 |7 0 |8 A |9 470088 |a BIBGIM |b BIBGIM |i 5193206 |o 320.980 POZ 2011 |p 5193206 |r 2025-01-15 |w 2019-11-23 |y BK |z Catalogado en:20150806 |k SSL | ||